000
00274nam a2200109Ia 4500
008
230907s9999||||xx |||||||||||||| ||und||
082
_a
620.5
_b
SPR
100
_a
Bhushan, Bharat.
_9
62442
245
0
_a
Springer handbook of nanotechnology /
300
_a
1698 p.
942
_c
BK
999
_c
599930
_d
599930